Zhodnotenie Stratégie digitálnej transformácie Slovenska 2030

Zhodnotenie nedávno prijatej Stratégie digitálnej transformácie Slovenska 2030. Táto stratégia je rámcovou nadrezortnou vládnou stratégiou, ktorá definuje politiku a konkrétne priority Slovenska v kontexte už prebiehajúcej digitálnej transformácie hospodárstva a spoločnosti pod vplyvom inovatívnych...

Description complète

Enregistré dans:
Détails bibliographiques
Auteur principal: Leško, Peter, 1989-
Format: Chapitre de livre
Langue:slovaque
Sujets:
Tags: Ajouter un tag
Pas de tags, Soyez le premier à ajouter un tag!

MARC

LEADER 00000naa$a2200000$$$4500
001 0260909
005 20240502074135.0
041 0 |a slo 
044 |a SK 
245 1 0 |a Zhodnotenie Stratégie digitálnej transformácie Slovenska 2030  |c Peter Leško 
520 |a Zhodnotenie nedávno prijatej Stratégie digitálnej transformácie Slovenska 2030. Táto stratégia je rámcovou nadrezortnou vládnou stratégiou, ktorá definuje politiku a konkrétne priority Slovenska v kontexte už prebiehajúcej digitálnej transformácie hospodárstva a spoločnosti pod vplyvom inovatívnych technológií a globálnych trendov digitálnej doby. 
610 2 0 |a transformácia digitálna 
610 2 0 |a stratégia informačná 
610 2 0 |a Slovensko 
100 1 |a Leško, Peter, 1989-